000 00888nam a22002177a 4500
003 OSt
005 20250918093901.0
008 240301b ||||| |||| 00| 0 eng d
040 _c0
082 _aDPer 621.317 Ie21 June 2022 v. 37 n. 6
100 _aLi, An.
_eauthor.
_953789
245 _aOnline drive topology conversion technology for PMSM speed range extension /
_cAn Li, Dong Jiang, Xiangwen Sun, and Zicheng Liu.
260 _aNew York ;
_bThe Institute of Electrical and Electronics Engineers, Inc. ,
_cJune 2022.
300 _aVolume 37, pages 7113-7121 :
_billustration ;
_c29 cm.
500 _aIEEE Transactions on Power Electronics, vol. 37, no. 6, pages 7113-7121, June 2022.
700 _aLi, An.
_eauthor.
_953789
700 _aJiang, Dong.
_eauthor.
_953790
700 _aSun, Xiangwen.
_eauthor.
_953791
700 _aLiu, Zicheng.
_eauthor.
_953792
942 _2ddc
_cPER
999 _c19480
_d19480